| 000 | 01048nam a2200241 u 4500 | ||
|---|---|---|---|
| 001 | 000507987 | ||
| 003 | AM-YeHGA | ||
| 005 | 20250618072709.0 | ||
| 008 | 061109s1927 ai r 000 0 arm d | ||
| 040 | _aAM-YeHGA | ||
| 041 | 0 | _aarm | |
| 245 | 0 | 0 |
_aԱյգի / _cԽմբ.՝ Մ. Զառաֆյան, Ա. Արարատյան; ՀՍԽՀ Լուսժողկոմատ Սոց. դաս. գլխ. վարչ. |
| 260 |
_aՅերեվան : _bՊետհրատ, _c1927. |
||
| 300 |
_a24 էջ : _bնկ. ; _c17 սմ. |
||
| 440 | 0 | _aԱշխատանքի Ա. աստիճանի դպրոցի գրադարան | |
| 440 | 0 |
_aԲնություն յեվ աշխատանք _v7 |
|
| 650 | 1 | 4 | _aԲնապահպանություն |
| 650 | 1 | 4 | _aԱյգեգործություն |
| 700 | 1 |
_aԶառաֆյան, Մ. _eխմբ. _4edt _95407 |
|
| 700 | 1 |
_aԱրարատյան, Ալեքսանդր Գևորգի, _d1897-1991 _eխմբ. _4edt _92230 |
|
| 710 | 1 |
_aՀՍԽՀ լուսժողկոմատ. _bՍոցիալական Դաստիարակության գլխավոր վարչություն |
|
| 090 | _c190045 | ||
| 999 |
_c188577 _d188577 |
||